Normal view
MARC view
Entry Personal Name
001 - CONTROL NUMBER
- control field: 167357
003 - CONTROL NUMBER IDENTIFIER
- control field: OSt
005 - DATE AND TIME OF LATEST TRANSACTION
- control field: 20220923223402.0
008 - FIXED-LENGTH DATA ELEMENTS
- fixed length control field: 220923|| aca||aabn | a|a d
040 ## - CATALOGING SOURCE
- Original cataloging agency: OSt
- Transcribing agency: OSt
100 ## - HEADING--PERSONAL NAME
- Personal name: काका हाथरसी; शरण, गिरिराज
670 ## - SOURCE DATA FOUND
- Source citation: Work cat.: (OSt)364507: काका हाथरसी; शरण, गिरिराज, श्रेष्ठ हास्य व्यंग्य कहानियॉं, 1982
